000 00732nam a22002057a 4500
999 _c4230
_d4230
003 AR-CdUCM
008 190308b ||||| |||| 00| 0 spa d
040 _aMUNICIPALIDAD PROVINCIAL DEL CUSCO
_cBIBLIOTECA MUNICIPAL DEL CUSCO
082 _a868.42 /
_bF36
100 _aFernández de Moratín, Leandro
_9832
245 _aLa comedia nueva, el sí de las niñas /
260 _aMadrid :
_bEditorial castalia,
_c1968.
300 _a285 paginas ;
_c18 cm.
505 _aContenido :Estudio sobre la comedia nueva -- La comedia nueva -- Estudio sobre el si de las niñas ...
650 _aTeatro español
_9648
650 _aLiteratura siglo XVIII
_99223
650 _aLiteratura española
_9362
942 _2ddc
_cLIBROS
945 _arum